Roget's university thesaurus (Record no. 61141)
[ view plain ]
| 000 -LEADER | |
|---|---|
| fixed length control field | 00673nam a22001937a 4500 |
| 003 - CONTROL NUMBER IDENTIFIER | |
| control field | NUST-PNEC |
| 005 - DATE AND TIME OF LATEST TRANSACTION | |
| control field | 20170116180715.0 |
| 008 - FIXED-LENGTH DATA ELEMENTS--GENERAL INFORMATION | |
| fixed length control field | 141018b xxu||||| |||| 00| 0 eng d |
| 020 ## - INTERNATIONAL STANDARD BOOK NUMBER | |
| International Standard Book Number | 0064635376 |
| 040 ## - CATALOGING SOURCE | |
| Transcribing agency | PNEC |
| 082 ## - DEWEY DECIMAL CLASSIFICATION NUMBER | |
| Classification number | 423 MAW |
| 100 ## - MAIN ENTRY--PERSONAL NAME | |
| 9 (RLIN) | 681 |
| Personal name | Mawson, C.O. Sylvester |
| 245 ## - TITLE STATEMENT | |
| Title | Roget's university thesaurus |
| Statement of responsibility, etc. | C.O. Sylvester Mawson and Peter Mark Roget |
| 260 ## - PUBLICATION, DISTRIBUTION, ETC. | |
| Place of publication, distribution, etc. | New York : |
| Name of publisher, distributor, etc. | Barnes & Noble Books, |
| Date of publication, distribution, etc. | c1981. |
| 300 ## - PHYSICAL DESCRIPTION | |
| Extent | xxiv, 741 pages ; |
| Dimensions | 21 cm |
| 500 ## - GENERAL NOTE | |
| General note | http://www.amazon.com/Rogets-University-Thesaurus-Peter-Roget/dp/0064635376/ref=sr_1_1?s=books&ie=UTF8&qid=1413620912&sr=1-1&keywords=0064635376 |
| 650 ## - SUBJECT ADDED ENTRY--TOPICAL TERM | |
| General subdivision | General |
| 942 ## - ADDED ENTRY ELEMENTS (KOHA) | |
| Source of classification or shelving scheme | |
| Koha item type | Book |
| Withdrawn status | Lost status | Source of classification or shelving scheme | Damaged status | Not for loan | Permanent Location | Current Location | Shelving location | Date acquired | Source of acquisition | Cost, normal purchase price | Total Checkouts | Full call number | Barcode | Date last seen | Cost, replacement price | Price effective from | Koha item type |
|---|---|---|---|---|---|---|---|---|---|---|---|---|---|---|---|---|---|
| Pakistan Navy Engineering College (PNEC) | Pakistan Navy Engineering College (PNEC) | Reference | 04/21/1984 | Royal Book Company | 106.37 | 423 MAW | PNECLIB-007771 | 10/18/2014 | 106.37 | 04/21/1984 | Book |
